Normal view
MARC view
- Accountants.
Entry Topical Term
001 - CONTROL NUMBER
- control field: 42729
003 - CONTROL NUMBER IDENTIFIER
- control field: OSt
005 - DATE AND TIME OF LATEST TRANSACTION
- control field: 20210114154650.0
008 - FIXED-LENGTH DATA ELEMENTS
- fixed length control field: 210114|| aca||aabn | a|a d
040 ## - CATALOGING SOURCE
- Original cataloging agency: OSt
- Transcribing agency: OSt
150 ## - HEADING--TOPICAL TERM
- Topical term or geographic name entry element: Accountants.
670 ## - SOURCE DATA FOUND
- Source citation: Work cat.: (OSt): Kellner, Richard. 42728, One CPA's 30-year journey:
